[Event "Lisbon Portugal op"]
[Site "Lisbon"]
[Date "2020.01.25"]
[Round "1"]
[White "Savanovic, Aleksandar"]
[Black "Trinkl, Stefan"]
[Result "1-0"]
[WhiteElo "2414"]
[BlackElo "1814"]
[PlyCount "42"]
[EventDate "2020.01.25"]
[EventType "swiss"]
[EventRounds "9"]
[EventCountry "POR"]
[SourceTitle "CBM 194"]
[Source "ChessBase"]
[SourceDate "2020.02.29"]
[SourceVersion "1"]
[SourceVersionDate "2020.02.29"]
[SourceQuality "1"]

1. e4 c6 2. d4 d5 3. Nc3 dxe4 4. Nxe4 Nf6 5. Nxf6+ exf6 6. c3 Bd6 7. Bd3 0-0 8. Qc2 Re8+ 9. Ne2 h6 10. 0-0 Nd7 11. Bf4 Nf8 12. Bxd6 Qxd6 13. Rfe1 Ne6 14. Ng3 Qf8 15. Nh5 Bd7 16. Re3 Qe7 17. Rg3 Kh8 18. Nxg7 Nxg7 19. Qd2 Nf5 20. Bxf5 Bxf5 21. Qxh6+ Bh7 1-0